Florilegio de poesías castellanas del siglo XIX / (Record no. 64306)

MARC details
000 -LEADER
campo de control de longitud fija 01077nam a2200241 i 4500
001 - NÚMERO DE CONTROL
campo de control 64306
003 - IDENTIFICADOR DE NÚMERO DE CONTROL
campo de control ES-MaACL
005 - FECHA Y HORA DE LA ÚLTIMA TRANSACCIÓN
campo de control 20250721130218.0
007 - CAMPO FIJO DE DESCRIPCIÓN FÍSICA--INFORMACIÓN GENERAL
campo de control de longitud fija t|
008 - DATOS DE LONGITUD FIJA--INFORMACIÓN GENERAL
campo de control de longitud fija 031223m19021903sp ||||1| spa d
080 ## - NÚMERO DE LA CLASIFICACIÓN DECIMAL UNIVERSAL
Número de la Clasificación Decimal Universal 821.134.2-14"18"(082.2)
245 00 - MENCIÓN DEL TÍTULO
Título Florilegio de poesías castellanas del siglo XIX /
Mención de responsabilidad, etc. con introducción y notas biográficas y críticas por Juan Valera.
260 ## - PUBLICACIÓN, DISTRIBUCIÓN, ETC.
Lugar de publicación, distribución, etc. Madrid :
Nombre del editor, distribuidor, etc. Librería de Fernando Fé,
Fecha de publicación, distribución, etc. 1902-1903 (
Fabricante Ricardo Fé, imp.)
300 ## - DESCRIPCIÓN FÍSICA
Extensión 5 v. (XV, 380 ; 384 ; 384 ; 477 ; 340 p.) ;
Dimensiones 17 cm.
530 ## - NOTA DISPONIBLE DE FORMULARIO FÍSICO ADICIONAL
Nota de formato físico adicional disponible Disponible en formato digital.
650 #4 - PUNTO DE ACCESO ADICIONAL DE MATERIA--TÉRMINO DE MATERIA
Término de materia o nombre geográfico como elemento de entrada Poesía española-
Subdivisión cronológica S.XIX
9 (RLIN) 16217
700 1# - ENTRADA AGREGADA--NOMBRE PERSONAL
Nombre de persona Valera, Juan,
Fechas asociadas al nombre 1824-1905
9 (RLIN) 112638
852 ## - LOCALIZACIÓN
Ubicación ES-MaACL
Número de control de estantería F-12901-905
Ubicación en estantería Sala Pecera Planta 2
Nota libre Revisado enlace: 21 de julio de 2025
856 4# - LOCALIZACIÓN Y ACCESO ELECTRÓNICOS
Identificador Uniforme de Recursos <a href="http://bdh-rd.bne.es/viewer.vm?id=0000256700&page=1 ">http://bdh-rd.bne.es/viewer.vm?id=0000256700&page=1 </a>
Texto de enlace Biblioteca Digital Hispánica
856 4# - LOCALIZACIÓN Y ACCESO ELECTRÓNICOS
Identificador Uniforme de Recursos <a href="https://bibliotecavirtualmadrid.comunidad.madrid/bvmadrid_publicacion/es/consulta/registro.do?id=3807">https://bibliotecavirtualmadrid.comunidad.madrid/bvmadrid_publicacion/es/consulta/registro.do?id=3807</a>
Texto de enlace Biblioteca Digital de la Comunidad de Madrid
942 ## - ELEMENTOS DE ENTRADA SECUNDARIOS (KOHA)
Fuente del sistema de clasificación o colocación Clasificación decimal universal
Holdings
Estatus retirado Estado de pérdida Estado de daño No para préstamo Colección Biblioteca de origen Biblioteca actual Ubicación en estantería Fecha de adquisición Fuente de adquisición Total de préstamos Signatura topográfica completa Código de barras Visto por última vez Precio de reemplazo Tipo de ítem Koha
        Colección digital Biblioteca del Ateneo de Madrid Biblioteca del Ateneo de Madrid Sala Pecera Planta 2 17/01/2008     F-12901-905 1067386 23/02/2023 23/02/2023 Libro impreso